[Event "FRA Team Ch"]
[Site "Bordeaux"]
[Date "2001.04.01"]
[Round "7.1"]
[White "Nisipeanu, Liviu-Dieter"]
[Black "Banikas, Hristos"]
[Result "1/2-1/2"]
[WhiteElo "2596"]
[BlackElo "2535"]
[Annotator "Montpellier - Nice"]
[PlyCount "81"]
[EventDate "2001.??.??"]

1. e4 c5 2. Nf3 Nc6 3. d4 cxd4 4. Nxd4 Qc7 5. Nc3 e6 6. Be2 a6 7. O-O Nf6 8.
Kh1 Nxd4 9. Qxd4 Bc5 10. Qd3 b5 11. f4 Bb7 12. Bf3 h5 13. Be3 Bxe3 14. Qxe3 b4
15. Na4 Ng4 16. Qb6 Rc8 17. Qxb4 a5 18. Qd4 Qxf4 19. Bxg4 Qxg4 20. Nc5 Rxc5 21.
Qxc5 Qxe4 22. Rf2 h4 23. h3 Rh6 24. Rd1 Rg6 25. Qd4 Qxd4 26. Rxd4 Rh6 27. Ra4
Rh5 28. Rff4 Re5 29. Rxh4 f5 30. Ra3 g5 31. Rh8+ Ke7 32. Rh7+ Kd8 33. Rg7 f4
34. Kg1 Re1+ 35. Kf2 Rc1 36. Rxg5 Rxc2+ 37. Kg1 e5 38. Rxa5 e4 39. Rac5 Rd2 40.
Rb5 Bc6 41. Rbe5 1/2-1/2

[Event "FRA Team Ch"]
[Site "Bordeaux"]
[Date "2001.04.01"]
[Round "7.3"]
[White "Flear, Glenn C"]
[Black "Chatalbashev, Boris"]
[Result "0-1"]
[WhiteElo "2476"]
[BlackElo "2499"]
[Annotator "Montpellier - Nice"]
[PlyCount "188"]
[EventDate "2001.??.??"]

1. d4 d5 2. c4 Nc6 3. cxd5 Qxd5 4. e3 e5 5. Nc3 Bb4 6. Bd2 Bxc3 7. Bxc3 exd4 8.
Ne2 Nf6 9. Nxd4 O-O 10. Nxc6 Qxc6 11. Rc1 Re8 12. Bd4 Qd6 13. Be2 b6 14. Bf3
Ne4 15. O-O Ba6 16. Qc2 Qe6 17. Rfd1 c5 18. Bc3 Bb7 19. b3 Nxc3 20. Bxb7 Nxd1
21. Bxa8 Nxf2 22. Qxf2 Rxa8 23. Rd1 Re8 24. Rd3 g6 25. h3 Qe5 26. Qd2 h5 27.
Kf2 Qf5+ 28. Kg1 Qe5 29. Kf2 h4 30. Kg1 Kg7 31. Qc1 Re6 32. Qe1 g5 33. Qd1 Qe4
34. Qd2 Qe5 35. Qd1 Kg6 36. Qb1 Qe4 37. Qd1 a6 38. a4 Qe5 39. Qc2 Qe4 40. Qd1
Qe5 41. Qc2 f5 42. Qc4 a5 43. Qb5 f4 44. exf4 Qe1+ 45. Kh2 gxf4 46. Rf3 Qg3+
47. Kg1 Re1+ 48. Rf1 Qe3+ 49. Kh2 Qg3+ 50. Kg1 Kg5 51. Qc4 Qe3+ 52. Kh1 Rxf1+
53. Qxf1 Qxb3 54. Qe2 Qb1+ 55. Kh2 Qf5 56. Qe7+ Qf6 57. Qe4 Qd6 58. Kh1 Kh6 59.
Qe8 Kg7 60. Qe2 Kf6 61. Qe4 Qe5 62. Qc6+ Qe6 63. Qc7 Kf5 64. Qh7+ Ke5 65. Qxh4
c4 66. Qe1+ Kd5 67. Qd2+ Kc5 68. Qxf4 Kb4 69. h4 Kb3 70. h5 c3 71. h6 Qg6 72.
g4 c2 73. Kh2 Kb2 74. Qe5+ Ka3 75. Qc3+ Kxa4 76. Qc4+ Ka3 77. Qc3+ Ka2 78. Qc4+
Kb2 79. Qb5+ Kc3 80. Qe5+ Kd3 81. Qf4 a4 82. Kg3 a3 83. Qf3+ Kd2 84. Qd5+ Qd3+
85. Qxd3+ Kxd3 86. h7 c1=Q 87. h8=Q Qg1+ 88. Kf3 Qe3+ 89. Kg2 Qe2+ 90. Kg3 Qe3+
91. Kh4 a2 92. Qa1 Qf2+ 93. Kh5 Qh2+ 94. Kg6 Qc2 0-1

[Event "FRA Team Ch"]
[Site "Bordeaux"]
[Date "2001.04.01"]
[Round "7.4"]
[White "Delchev, Aleksander"]
[Black "Hamdouchi, Hichem"]
[Result "0-1"]
[WhiteElo "2587"]
[BlackElo "2535"]
[Annotator "Nice - Montpellier"]
[PlyCount "88"]
[EventDate "2001.??.??"]

1. e4 e5 2. Nf3 Nc6 3. Bb5 a6 4. Ba4 Nf6 5. O-O Be7 6. Re1 b5 7. Bb3 d6 8. c3
O-O 9. d4 Bg4 10. d5 Na5 11. Bc2 c6 12. h3 Bh5 13. dxc6 Qc7 14. Nbd2 Rad8 15.
Qe2 Nxc6 16. Nf1 Bg6 17. Bg5 Nh5 18. g3 Qc8 19. Kh2 f6 20. Be3 f5 21. exf5 Bxf5
22. Bb3+ Kh8 23. Ng1 Bg6 24. Rad1 Qb7 25. Bd5 Nf6 26. Bg2 d5 27. Bg5 e4 28. f4
exf3 29. Nxf3 Ne4 30. Bxe7 Nxe7 31. Nh4 Rf2 32. Qg4 Rdf8 33. Re2 Bf5 34. Nxf5
R8xf5 35. Rde1 h5 36. Qh4 Ng6 37. Qd8+ Rf8 38. Qa5 h4 39. Rxf2 Rxf2 40. Kg1 Qf7
41. Qd8+ Kh7 42. Bxe4 dxe4 43. Qd4 hxg3 44. Nxg3 Rg2+ 0-1

[Event "FRA Team Ch"]
[Site "Bordeaux"]
[Date "2001.04.01"]
[Round "7.5"]
[White "Prie, Eric"]
[Black "Sharif, Mershad"]
[Result "1/2-1/2"]
[WhiteElo "2490"]
[BlackElo "2481"]
[Annotator "Montpellier - Nice"]
[PlyCount "60"]
[EventDate "2001.??.??"]

1. e4 e6 2. d4 d5 3. e5 c5 4. c3 Ne7 5. Nf3 Nec6 6. h4 b6 7. h5 Be7 8. Rh3 O-O
9. Rg3 Kh8 10. Ng5 h6 11. Nh3 Ba6 12. Qg4 Rg8 13. Nd2 Bxf1 14. Kxf1 Nd7 15. Qf4
Qe8 16. Nf3 Rc8 17. Bd2 b5 18. Nh2 f5 19. exf6 Nxf6 20. Rg6 Rf8 21. Qe3 cxd4
22. cxd4 Bd6 23. Nf3 Ne7 24. Nh4 Nf5 25. Nxf5 exf5 26. Rxh6+ gxh6 27. Qxh6+ Kg8
28. Qg5+ Kh8 29. Qh6+ Kg8 30. Qg5+ Kh8 1/2-1/2

[Event "FRA Team Ch"]
[Site "Bordeaux"]
[Date "2001.04.01"]
[Round "7.6"]
[White "Bujisho, Benjamin"]
[Black "Santo-Roman, Marc"]
[Result "0-1"]
[WhiteElo "2368"]
[BlackElo "2416"]
[Annotator "Nice - Montpellier"]
[PlyCount "170"]
[EventDate "2001.??.??"]

1. c4 f5 2. Nc3 Nf6 3. g3 g6 4. Bg2 Bg7 5. e3 O-O 6. Nge2 e5 7. d3 c6 8. O-O
Kh8 9. b3 Na6 10. Ba3 d6 11. b4 Nc7 12. Rb1 a6 13. d4 e4 14. d5 cxd5 15. cxd5
Bd7 16. Qb3 Qe7 17. Rfd1 Rac8 18. Bb2 Qf7 19. Rd2 g5 20. Rbd1 Ng4 21. Na4 Na8
22. Bxg7+ Qxg7 23. Nd4 b5 24. Nb2 Nb6 25. Ne6 Bxe6 26. dxe6 d5 27. Rc2 Qe5 28.
a4 Rxc2 29. Qxc2 Rc8 30. Qe2 Nc4 31. Nxc4 dxc4 32. axb5 axb5 33. Rd7 Qxe6 34.
Qd2 Nf6 35. Rd8+ Kg7 36. Rd6 Qe5 37. Rd4 c3 38. Qc2 Rc7 39. Bf1 g4 40. Be2 Kg6
41. Bd1 Qe6 42. Qb1 Rd7 43. Bb3 Qe7 44. Qd1 Qd8 45. Be6 Rxd4 46. exd4 Qd6 47.
d5 Qxb4 48. d6 c2 49. Qxc2 Qxd6 50. Ba2 Qa3 51. Bb3 Qb4 52. Be6 Qd6 53. Ba2 Qa3
54. Bb3 Qa1+ 55. Kg2 Qa8 56. Kf1 Qa1+ 57. Kg2 Qa8 58. Kg1 e3 59. fxe3 Qf3 60.
Qc1 Qe2 61. Be6 Qd3 62. Ba2 Ne4 63. Bb1 Qc3 64. Qxc3 Nxc3 65. Bc2 b4 66. Kf1
Ne4 67. Ke2 Nc5 68. Kd2 Kf6 69. Kc1 Ke5 70. Kb2 h6 71. Bb1 Ne4 72. Bc2 Nd2 73.
Bd3 Nf3 74. Kb3 Nxh2 75. Kxb4 Nf3 76. Kc3 Ng5 77. Kd2 Ne4+ 78. Ke2 Nxg3+ 79.
Kf2 Ne4+ 80. Kg2 h5 81. Kh2 h4 82. Bc2 Nc3 83. Kg2 h3+ 84. Kf2 Ne4+ 85. Kg1 g3
0-1

[Event "FRA Team Ch"]
[Site "Bordeaux"]
[Date "2001.04.01"]
[Round "7.7"]
[White "Letreguilly, Olivier"]
[Black "Brochet, Philippe"]
[Result "1/2-1/2"]
[WhiteElo "2301"]
[BlackElo "2369"]
[Annotator "Montpellier - Nice"]
[PlyCount "55"]
[EventDate "2001.??.??"]

1. Nf3 d5 2. c4 e6 3. g3 Nf6 4. Bg2 Be7 5. O-O O-O 6. d4 dxc4 7. Qc2 c5 8. dxc5
Nc6 9. Na3 Bxc5 10. Nxc4 Nb4 11. Qb1 b5 12. a3 bxc4 13. axb4 Bxb4 14. Ne5 Nd5
15. Nxc4 a5 16. b3 Ba6 17. Bb2 Rb8 18. Qe4 Qg5 19. h4 Qg6 20. Qd4 Bxc4 21. bxc4
Nf6 22. Rfd1 Qc2 23. Bf3 Rfc8 24. Rac1 Qf5 25. Qe5 Bc5 26. g4 Qg6 27. g5 h6 28.
Bd4 1/2-1/2

[Event "FRA Team Ch"]
[Site "Bordeaux"]
[Date "2001.04.01"]
[Round "7.8"]
[White "Caposciutti, Maurizio"]
[Black "Touzane, Olivier"]
[Result "1-0"]
[WhiteElo "2355"]
[BlackElo "2388"]
[Annotator "Nice - Montpellier"]
[PlyCount "40"]
[EventDate "2001.??.??"]

1. Nf3 g6 2. d4 Nf6 3. c4 Bg7 4. b3 c5 5. Bb2 cxd4 6. Nxd4 O-O 7. e3 Nc6 8. Be2
d6 9. O-O Bd7 10. Nc3 Rc8 11. Qd2 a6 12. Rfd1 Qb6 13. Rac1 Rfd8 14. g3 Bh3 15.
Bf3 e6 16. Ne4 Nxe4 17. Bxe4 d5 18. cxd5 exd5 19. Nxc6 bxc6 20. Bxg7 20... Kxg7
{Suite illisible 1-0 au 47 ou 51eme coups} 1-0

[Event "FRA Team Ch"]
[Site "Bordeaux"]
[Date "2001.04.01"]
[Round "7.9"]
[White "Flear, Christine"]
[Black "Gasnier, Austine"]
[Result "1-0"]
[WhiteElo "2184"]
[BlackElo "1750"]
[Annotator "Montpellier - Nice"]
[PlyCount "65"]
[EventDate "2001.??.??"]

1. d4 d5 2. c4 c6 3. Nc3 Nf6 4. e3 e6 5. Nf3 Nbd7 6. Bd3 Be7 7. O-O O-O 8. b3
Re8 9. Bb2 Qc7 10. Rc1 Nf8 11. Ne5 Bd6 12. f4 Qe7 13. Qf3 c5 14. cxd5 cxd4 15.
exd4 exd5 16. Nxd5 Nxd5 17. Qxd5 Be6 18. Qf3 f6 19. Nc4 b6 20. Rfe1 Qd7 21.
Nxd6 Qxd6 22. Be4 Rad8 23. f5 Bf7 24. Re3 Re7 25. Rce1 Rde8 26. Bd3 Rxe3 27.
Rxe3 Rxe3 28. Qxe3 Nd7 29. Bc4 Bxc4 30. bxc4 Kf7 31. Ba3 Qc7 32. Qe7+ Kg8 33.
Qe8+ 1-0

[Event "FRA Team Ch"]
[Site "Bordeaux"]
[Date "2001.04.01"]
[Round "7.2"]
[White "De la Riva Aguado, Oscar"]
[Black "Vaisser, Anatoly"]
[Result "1/2-1/2"]
[WhiteElo "2496"]
[BlackElo "2540"]
[Annotator "Orange - Auxerre"]
[PlyCount "23"]
[EventDate "2001.??.??"]

1. e4 c5 2. Nf3 e6 3. c3 d5 4. exd5 exd5 5. d4 Nc6 6. Bb5 Bd6 7. dxc5 Bxc5 8.
O-O Nge7 9. Nbd2 O-O 10. Nb3 Bd6 11. Bd3 h6 12. h3 1/2-1/2

[Event "FRA Team Ch"]
[Site "Bordeaux"]
[Date "2001.04.01"]
[Round "7.3"]
[White "Pira, Davoud"]
[Black "Magem Badals, Jordi"]
[Result "0-1"]
[WhiteElo "2449"]
[BlackElo "2506"]
[Annotator "Auxerre - Orange"]
[PlyCount "58"]
[EventDate "2001.??.??"]

1. d4 d5 2. Nf3 Nf6 3. c4 dxc4 4. e3 e6 5. Bxc4 c5 6. O-O a6 7. Bb3 Nc6 8. Nc3
Be7 9. Qe2 cxd4 10. Rd1 d3 11. Rxd3 Qc7 12. e4 Nd7 13. e5 Ndxe5 14. Bf4 Nxf3+
15. Qxf3 Qa5 16. Qg4 O-O 17. Bh6 Bf6 18. Rg3 Qf5 19. Ne4 Be5 20. Qh4 Bxg3 21.
fxg3 Ne5 22. Nd6 Qg4 23. Qe7 gxh6 24. Re1 Qd4+ 25. Kh1 Nd3 26. Rf1 Nf2+ 27.
Rxf2 Qxf2 28. h3 b5 29. Kh2 Qc5 0-1

[Event "FRA Team Ch"]
[Site "Bordeaux"]
[Date "2001.04.01"]
[Round "7.4"]
[White "Narciso Dublan, Marc"]
[Black "Solozhenkin, Evgeniy"]
[Result "1-0"]
[WhiteElo "2529"]
[BlackElo "2506"]
[Annotator "Orange - Auxerre"]
[PlyCount "65"]
[EventDate "2001.??.??"]

1. d4 Nf6 2. Nf3 e6 3. e3 b6 4. Bd3 Bb7 5. O-O c5 6. c4 d6 7. b3 Be7 8. Bb2 O-O
9. Nbd2 Re8 10. Qe2 Nbd7 11. Rad1 Qc7 12. Ng5 h6 13. f4 cxd4 14. exd4 e5 15. d5
exf4 16. Nge4 b5 17. Kh1 bxc4 18. bxc4 Rab8 19. Bd4 Ne5 20. Rxf4 Nxe4 21. Nxe4
Bg5 22. Nxg5 hxg5 23. Re4 Ba6 24. Bxe5 dxe5 25. Rg4 g6 26. Qe3 Rb2 27. Qxg5 e4
28. Rxe4 Rxe4 29. Bxe4 Rxa2 30. h3 Qxc4 31. d6 Bb5 32. Bd5 Qc2 33. Rc1 1-0

[Event "FRA Team Ch"]
[Site "Bordeaux"]
[Date "2001.04.01"]
[Round "7.5"]
[White "Cramling, Pia"]
[Black "Goldgewicht, Lionel"]
[Result "1-0"]
[WhiteElo "2492"]
[BlackElo "2345"]
[Annotator "Auxerre - Orange"]
[PlyCount "103"]
[EventDate "2001.??.??"]

1. d4 e6 2. c4 d5 3. Nf3 Nf6 4. Nc3 Be7 5. Bg5 h6 6. Bxf6 Bxf6 7. e3 O-O 8. Qd2
c5 9. dxc5 Qa5 10. cxd5 Bxc3 11. Qxc3 Qxc3+ 12. bxc3 exd5 13. Nd4 Re8 14. Kd2
Re7 15. c4 dxc4 16. Bxc4 Rc7 17. Rhc1 Nd7 18. c6 Ne5 19. cxb7 Nxc4+ 20. Rxc4
Rxb7 21. Rac1 Bd7 22. Rc7 Rab8 23. e4 Kf8 24. Ke3 Ke8 25. Rxb7 Rxb7 26. Rc5 Ke7
27. h4 Kd6 28. Ra5 f6 29. h5 Rc7 30. f3 Rb7 31. Kf4 Ke7 32. Nf5+ Bxf5 33. Kxf5
Kf7 34. f4 Rc7 35. g4 Rb7 36. e5 fxe5 37. fxe5 Rc7 38. Ra6 Rb7 39. Rc6 Ke7 40.
Re6+ Kf7 41. Rd6 Ke7 42. Rc6 Kf7 43. a3 Ke7 44. Kg6 Kd7 45. Rd6+ Ke8 46. Rd4 a5
47. Rc4 Kd8 48. Rc5 Ra7 49. a4 Ke8 50. Rc8+ Kd7 51. Rg8 Ra6+ 52. Kf5 1-0

[Event "FRA Team Ch"]
[Site "Bordeaux"]
[Date "2001.04.01"]
[Round "7.6"]
[White "Guadalpi, David"]
[Black "Bellon Lopez, Juan Manuel"]
[Result "1-0"]
[WhiteElo "2282"]
[BlackElo "2430"]
[Annotator "Orange - Auxerre"]
[PlyCount "61"]
[EventDate "2001.??.??"]

1. e4 c5 2. Nf3 g6 3. d4 Bg7 4. Nc3 Qa5 5. dxc5 Bxc3+ 6. bxc3 Nf6 7. Bd3 Qxc3+
8. Bd2 Qxc5 9. Rb1 d6 10. O-O Nbd7 11. h3 a6 12. Re1 O-O 13. Rb4 Qc7 14. Rc4
Qb8 15. e5 dxe5 16. Rh4 Rd8 17. Qc1 Nc5 18. Bb4 Rxd3 19. Bxc5 Rxf3 20. gxf3 Qc7
21. Qe3 Be6 22. Ba3 Rc8 23. Bb2 Qxc2 24. Bxe5 Rc4 25. Rd4 Rxd4 26. Qxd4 Kg7 27.
Qb4 Bxh3 28. Qxe7 Qc6 29. Kh2 Bc8 30. Rc1 Qxc1 31. Qxf6+ 1-0

[Event "FRA Team Ch"]
[Site "Bordeaux"]
[Date "2001.04.01"]
[Round "7.7"]
[White "Boudre, Jean-Pierre"]
[Black "Gachon, Lionel"]
[Result "1-0"]
[WhiteElo "2355"]
[BlackElo "2237"]
[Annotator "Auxerre - Orange"]
[PlyCount "55"]
[EventDate "2001.??.??"]

1. e4 g6 2. d4 Bg7 3. Nc3 c6 4. Bc4 d6 5. Qf3 e6 6. Nge2 b5 7. Bb3 a5 8. a4 b4
9. Nd1 Ba6 10. Ne3 d5 11. e5 Nd7 12. Nf4 Qb6 13. Qd1 Ne7 14. c4 bxc3 15. bxc3
O-O 16. Rb1 Qa7 17. h4 c5 18. h5 cxd4 19. cxd4 Nc6 20. hxg6 hxg6 21. Nexd5 exd5
22. Nxg6 fxg6 23. Bxd5+ Rf7 24. Bxf7+ Kxf7 25. Qf3+ Ke7 26. Bg5+ Ke8 27. Qxc6
Qxd4 28. Qe6+ 1-0

[Event "FRA Team Ch"]
[Site "Bordeaux"]
[Date "2001.04.01"]
[Round "7.8"]
[White "Guidarelli, Laurent"]
[Black "Chevrier, Thomas"]
[Result "1/2-1/2"]
[WhiteElo "2297"]
[BlackElo "2158"]
[Annotator "Orange - Auxerre"]
[PlyCount "122"]
[EventDate "2001.??.??"]

1. d4 Nf6 2. Nf3 d5 3. c3 Bf5 4. Bf4 e6 5. e3 Be7 6. Be2 O-O 7. Ne5 Nbd7 8. Nd2
Nxe5 9. Bxe5 Nd7 10. Bg3 c5 11. O-O Qb6 12. dxc5 Nxc5 13. b4 Ne4 14. Nxe4 Bxe4
15. f3 Bg6 16. Bf2 Qc7 17. Qb3 Rfc8 18. Rac1 Bd6 19. Kh1 Qe7 20. a4 Rc7 21. b5
Rac8 22. c4 Ba3 23. Ra1 Bb4 24. cxd5 Rc3 25. Qd1 Bc2 26. Qd4 e5 27. Qg4 f5 28.
Qh3 Bc5 29. Rac1 Qg5 30. Be1 Bxe3 31. Bxc3 Bxc1 32. Bxe5 Bf4 33. Bd4 Qe7 34.
Bd1 Bd3 35. Rg1 b6 36. Bb3 Qb4 37. Qh4 Qxd4 38. d6+ Kh8 39. g3 Be2 40. Kg2 Be5
41. Qxd4 Bxd4 42. Re1 g6 43. Rxe2 Rd8 44. Re7 Rxd6 45. Rxa7 Bc5 46. Rc7 Rd2+
47. Kh1 Bb4 48. f4 Re2 49. Rc4 Ba5 50. Rc8+ Kg7 51. Rc7+ Kh8 52. Kg1 Bb4 53.
Rc4 Ba5 54. Rc8+ Kg7 55. Rc7+ Kh8 56. Bd5 Rd2 57. Bc4 Bc3 58. h3 Bd4+ 59. Kh1
Rd1+ 60. Kg2 Rd2+ 61. Kh1 Rd1+ 1/2-1/2

[Event "FRA Team Ch"]
[Site "Bordeaux"]
[Date "2001.04.01"]
[Round "7.9"]
[White "Nicoara, Malina"]
[Black "Dacalor, Aurelie"]
[Result "1/2-1/2"]
[WhiteElo "2258"]
[BlackElo "2162"]
[Annotator "Auxerre - Orange"]
[PlyCount "75"]
[EventDate "2001.??.??"]

1. d4 g6 2. c4 Bg7 3. e4 d6 4. Nc3 e5 5. d5 c6 6. Bd3 a6 7. Nge2 Ne7 8. O-O O-O
9. Be3 f5 10. exf5 Bxf5 11. f3 cxd5 12. cxd5 Bxd3 13. Qxd3 Nf5 14. Bf2 Nd7 15.
Ne4 Qe7 16. Rac1 Rac8 17. b4 Bh6 18. Rxc8 Rxc8 19. g4 Ng7 20. Bg3 Ne8 21. h4
Qd8 22. g5 Bg7 23. Bf2 b5 24. Kg2 Rc4 25. a3 Bf8 26. Nd2 Rc8 27. Rh1 Ng7 28.
Ng3 Qc7 29. Qe4 Qc2 30. Qg4 Nf5 31. Nge4 Qd3 32. h5 Qe2 33. Nf1 Rc2 34. Qh3 Bg7
35. hxg6 hxg6 36. Nh2 Ne3+ 37. Kg3 Nf5+ 38. Kg2 1/2-1/2

[Event "FRA Team Ch"]
[Site "Montpellier"]
[Date "2001.04.28"]
[Round "8.1"]
[White "Van Wely, Loek"]
[Black "Pira, Davoud"]
[Result "1-0"]
[WhiteElo "2700"]
[BlackElo "2449"]
[Annotator "Clichy-Auxerre"]
[PlyCount "49"]
[EventDate "2001.04.??"]

1. d4 Nf6 2. c4 e6 3. Nf3 Bb4+ 4. Bd2 a5 5. g3 d5 6. a3 Bxd2+ 7. Nbxd2 O-O 8.
Bg2 c6 9. O-O b6 10. Qc2 Ba6 11. Rac1 Nbd7 12. e4 dxe4 13. Nxe4 Nxe4 14. Qxe4
c5 15. Rfd1 Ra7 16. d5 Nf6 17. Qf4 Rd7 18. Ne5 Rd6 19. Nc6 Qd7 20. Re1 exd5 21.
cxd5 Re8 22. Rxe8+ Nxe8 23. Re1 Bb5 24. Re7 Bxc6 25. Qxf7+ 1-0

[Event "FRA Team Ch"]
[Site "Montpellier"]
[Date "2001.04.28"]
[Round "8.2"]
[White "Vaisser, Anatoly"]
[Black "Lautier, Joel"]
[Result "0-1"]
[WhiteElo "2540"]
[BlackElo "2658"]
[Annotator "Auxerre-Clichy"]
[PlyCount "78"]
[EventDate "2001.04.??"]

1. d4 Nf6 2. Nf3 e6 3. Bg5 c5 4. e3 Be7 5. Nbd2 b6 6. Bd3 Bb7 7. c3 cxd4 8.
cxd4 Nc6 9. a3 Nd5 10. Bxe7 Ncxe7 11. Ne4 Qb8 12. Ne5 f6 13. Nc4 O-O 14. Qh5 f5
15. Ng5 Nf6 16. Qh3 h6 17. Nf3 d6 18. O-O Bd5 19. Rfc1 Rc8 20. Ncd2 Qb7 21. Ne1
Rxc1 22. Rxc1 Rc8 23. Rb1 b5 24. f3 Qb6 25. Qg3 a6 26. Qf2 Bb7 27. Nb3 Bd5 28.
Nd2 Rc7 29. h3 Qb7 30. g4 Qc8 31. e4 fxe4 32. fxe4 Bb7 33. Kh2 e5 34. Nef3 Ng6
35. g5 Nf4 36. Qf1 N6h5 37. dxe5 dxe5 38. Nxe5 hxg5 39. Rd1 Re7 0-1

[Event "FRA Team Ch"]
[Site "Montpellier"]
[Date "2001.04.28"]
[Round "8.3"]
[White "Bareev, Evgeny"]
[Black "Bellon Lopez, Juan Manuel"]
[Result "1-0"]
[WhiteElo "2709"]
[BlackElo "2430"]
[Annotator "Clichy-Auxerre"]
[PlyCount "105"]
[EventDate "2001.04.??"]

1. d4 Nf6 2. c4 c5 3. d5 b5 4. cxb5 a6 5. bxa6 g6 6. Nc3 Bxa6 7. g3 d6 8. Bg2
Bg7 9. Nf3 Nbd7 10. O-O Nb6 11. Nh4 O-O 12. Qc2 Ne8 13. Rd1 Nc7 14. Rb1 Ra7 15.
b3 f5 16. Bb2 Qe8 17. Rd2 Qf7 18. e3 Bf6 19. Rbd1 Rb8 20. Qc1 Nd7 21. e4 Bxh4
22. gxh4 f4 23. Kh1 Bc8 24. f3 Ne8 25. Na4 Ng7 26. Bh3 Nf6 27. Bxc8 Rxc8 28.
Rg1 Nd7 29. Rdg2 Kf8 30. Qc4 Rb8 31. Rg5 Rb4 32. Qc1 Nf6 33. Bc3 Rb8 34. Qxf4
c4 35. e5 Nfh5 36. Qe3 Ra6 37. e6 Qf4 38. Qe2 Nf5 39. Rxh5 gxh5 40. Qg2 Ng3+
41. hxg3 Qf5 42. g4 Qxd5 43. Qe2 cxb3 44. Qxa6 Qxf3+ 45. Kh2 Qf4+ 46. Rg3 bxa2
47. Qa7 Rc8 48. Qd4 Qxd4 49. Bxd4 Rc4 50. Ba1 Rxa4 51. Rb3 Ra8 52. gxh5 Kg8 53.
Rg3+ 1-0

[Event "FRA Team Ch"]
[Site "Montpellier"]
[Date "2001.04.28"]
[Round "8.4"]
[White "Cramling, Pia"]
[Black "Magem Badals, Jordi"]
[Result "1/2-1/2"]
[WhiteElo "2492"]
[BlackElo "2628"]
[Annotator "Auxerre-Clichy"]
[PlyCount "80"]
[EventDate "2001.04.??"]

1. d4 d5 2. Nf3 c6 3. c4 e6 4. Nbd2 f5 5. g3 Nf6 6. Bg2 Bd6 7. O-O O-O 8. Qc2
b6 9. Ne5 Bb7 10. Ndf3 c5 11. dxc5 bxc5 12. cxd5 Bxd5 13. Nc4 Nc6 14. Be3 Be7
15. Rfd1 Qe8 16. Nfe5 Rc8 17. b3 Bxg2 18. Kxg2 Nd5 19. Nxc6 Qxc6 20. f3 Nb4 21.
Qd2 Rfd8 22. Qc1 Rxd1 23. Qxd1 Bf6 24. Rc1 Nxa2 25. Rc2 Nb4 26. Rc1 Rd8 27. Qe1
Qd5 28. Na5 Bd4 29. Bxd4 Qxd4 30. Qc3 Na2 31. Qxd4 cxd4 32. Rc7 Nc3 33. Nc6 Rd6
34. Kf2 Nb5 35. Rc8+ Kf7 36. f4 g6 37. Nxa7 Nxa7 38. Rc7+ Kf6 39. Rxa7 Rb6 40.
Rxh7 Rxb3 1/2-1/2

[Event "FRA Team Ch"]
[Site "Montpellier"]
[Date "2001.04.28"]
[Round "8.5"]
[White "Nataf, Igor-Alexandre"]
[Black "Solozhenkin, Evgeniy"]
[Result "1/2-1/2"]
[WhiteElo "2552"]
[BlackElo "2506"]
[Annotator "Clichy-Auxerre"]
[PlyCount "80"]
[EventDate "2001.04.??"]

1. e4 e5 2. Nf3 Nf6 3. Nxe5 d6 4. Nf3 Nxe4 5. d4 d5 6. Bd3 Bd6 7. O-O O-O 8. c4
c6 9. cxd5 cxd5 10. Nc3 Nxc3 11. bxc3 Bg4 12. Rb1 Nd7 13. h3 Bh5 14. Rb5 Nb6
15. c4 Bxf3 16. Qxf3 dxc4 17. Bc2 Qd7 18. a4 g6 19. Be3 Rad8 20. Rfb1 Bc7 21.
a5 Nd5 22. Bg5 f6 23. Bh6 Rfe8 24. Rxb7 Qe6 25. g3 a6 26. Kg2 Re7 27. Bd2 Qe2
28. Re1 Qxd2 29. Rxe7 Nxe7 30. Rxc7 Qxc2 31. Rxe7 Qf5 32. Qe3 Rd7 33. Re8+ Kg7
34. Qa3 Qd5+ 35. Kh2 Qd6 36. Qe3 Qxd4 37. Re7+ Kf8 38. Rxd7 Qxd7 39. Qc5+ Kg7
40. Qxc4 Qb7 1/2-1/2

[Event "FRA Team Ch"]
[Site "Montpellier"]
[Date "2001.04.28"]
[Round "8.6"]
[White "Nicoara, Malina"]
[Black "Conquest, Stuart"]
[Result "0-1"]
[WhiteElo "2258"]
[BlackElo "2546"]
[Annotator "Auxerre-Clichy"]
[PlyCount "56"]
[EventDate "2001.04.??"]

1. d4 Nf6 2. c4 e6 3. Nc3 Bb4 4. Qc2 O-O 5. a3 Bxc3+ 6. Qxc3 Ne4 7. Qc2 f5 8.
Nh3 Nc6 9. e3 d6 10. f3 Ng5 11. Nf2 e5 12. dxe5 dxe5 13. Bd3 e4 14. fxe4 fxe4
15. Bxe4 Nxe4 16. Qxe4 Qf6 17. O-O Bf5 18. Qf4 Rae8 19. h3 Qg6 20. Qh4 Ne5 21.
Kh2 h5 22. c5 Be4 23. Qg3 Qxg3+ 24. Kxg3 h4+ 25. Kh2 Bd3 26. Nxd3 Rxf1 27. Nxe5
Rxe5 28. b4 Rg5 0-1

[Event "FRA Team Ch"]
[Site "Montpellier"]
[Date "2001.04.28"]
[Round "8.7"]
[White "Apicella, Manuel"]
[Black "Boudre, Jean-Pierre"]
[Result "1-0"]
[WhiteElo "2518"]
[BlackElo "2355"]
[Annotator "Clichy-Auxerre"]
[PlyCount "43"]
[EventDate "2001.04.??"]

1. e4 e5 2. Nf3 Nc6 3. Bb5 Nf6 4. O-O Nxe4 5. d4 Be7 6. Qe2 Nd6 7. Bxc6 bxc6 8.
dxe5 Nb7 9. b3 O-O 10. Bb2 Re8 11. Nbd2 Bf8 12. Qc4 Nc5 13. Rfe1 Ne6 14. Ne4 a5
15. Nf6+ gxf6 16. Qg4+ Kh8 17. exf6 d6 18. Qh5 Qd7 19. Re4 Rb8 20. c4 h6 21.
Bc1 Kg8 22. Bxh6 1-0

[Event "FRA Team Ch"]
[Site "Montpellier"]
[Date "2001.04.28"]
[Round "8.9"]
[White "Landre, Tristan"]
[Black "Renet, Olivier"]
[Result "0-1"]
[WhiteElo "2000"]
[BlackElo "2494"]
[Annotator "Auxerre-Clichy"]
[PlyCount "77"]
[EventDate "2001.04.??"]

1. e4 c5 2. Nc3 Nc6 3. g3 g6 4. Bg2 Bg7 5. d3 d6 6. Be3 Rb8 7. f4 Nd4 8. Nf3
Bg4 9. O-O b5 10. Qd2 Bxf3 11. Bxf3 b4 12. Nd1 Nxf3+ 13. Rxf3 Nf6 14. Kg2 O-O
15. Bg1 Ne8 16. d4 cxd4 17. Bxd4 Nf6 18. Nf2 Rb7 19. a3 e5 20. Be3 d5 21. fxe5
Nxe4 22. Qd4 bxa3 23. Rxa3 a5 24. Nxe4 Rb4 25. Qc3 dxe4 26. Rf2 Qd5 27. Rd2 Qb5
28. Bc5 Rc4 29. Rxa5 Rxc5 30. Qxc5 Qxb2 31. Rb5 Qc1 32. Qd4 Ra8 33. Rb7 Ra1 34.
Qf2 Qh1+ 35. Kh3 Qf3 36. Qxf3 exf3 37. Rb8+ Bf8 38. Rf2 Ra3 39. Rb3 0-1

[Event "FRA Team Ch"]
[Site "Montpellier"]
[Date "2001.04.28"]
[Round "8.9"]
[White "Sebag, Marie"]
[Black "Lalande, Jean-Louis"]
[Result "1-0"]
[WhiteElo "2298"]
[BlackElo "1860"]
[Annotator "Clichy-Auxerre"]
[PlyCount "65"]
[EventDate "2001.04.??"]

1. e4 c5 2. Nf3 Nc6 3. Nc3 g6 4. d4 cxd4 5. Nxd4 Bg7 6. Be3 Nf6 7. Bc4 O-O 8.
Bb3 a5 9. O-O a4 10. Nxa4 Nxe4 11. Nb5 Ra6 12. c4 d6 13. Qe2 Nf6 14. h3 Re8 15.
Rad1 Be6 16. Nc5 Ra8 17. Nxe6 fxe6 18. c5 d5 19. Bf4 e5 20. Bxe5 Nxe5 21. Qxe5
Rc8 22. Bxd5+ Nxd5 23. Qe6+ Kh8 24. Rxd5 Qa5 25. Qb6 Qxa2 26. Qxb7 Rb8 27. Qd7
Qxb2 28. Nc7 Rec8 29. Ne6 Qb7 30. Qxb7 Rxb7 31. c6 Rb6 32. c7 Rg8 33. Nd8 1-0

[Event "FRA Team Ch"]
[Site "Montpellier"]
[Date "2001.04.28"]
[Round "8.1"]
[White "Rausis, Igor"]
[Black "Bacrot, Etienne"]
[Result "0-1"]
[WhiteElo "2525"]
[BlackElo "2618"]
[Annotator "Gonfreville-Cannes"]
[PlyCount "98"]
[EventDate "2001.04.??"]

1. e4 c5 2. Nf3 Nc6 3. c3 Nf6 4. e5 Nd5 5. d4 cxd4 6. cxd4 d6 7. Bc4 Nb6 8. Bb3
dxe5 9. Nxe5 Nxe5 10. dxe5 Qxd1+ 11. Bxd1 Bd7 12. O-O Rc8 13. Nc3 e6 14. Be2 a6
15. Be3 Nc4 16. Bd4 Bc5 17. Bxc5 Rxc5 18. f4 Nxb2 19. Ne4 Rc2 20. Nd6+ Ke7 21.
Rf2 b5 22. Bf1 Rxf2 23. Kxf2 Bc6 24. Rc1 Kd7 25. Nxf7 Rf8 26. Ng5 Rxf4+ 27. Kg3
Ra4 28. Nxe6 Kxe6 29. Rxc6+ Kxe5 30. Rc7 Ra3+ 31. Kh4 Nd1 32. Rxg7 Ne3 33. Rg5+
Kf6 34. Bxb5 axb5 35. Rxb5 Nxg2+ 36. Kg4 Ne3+ 37. Kh5 Rxa2 38. Rb6+ Ke5 39. h4
Ra7 40. Rc6 Kf5 41. Rb6 Rd7 42. Ra6 Nd5 43. Kh6 Nf6 44. Ra5+ Ke6 45. Rg5 Rd4
46. h5 Rd5 47. Rxd5 Kxd5 48. Kg7 Ke6 49. h6 Nh5+ 0-1